A jury-tanács határozatai alapján kitüntetett valamint a versenyen kivül álló kiállitók és a kitüntetett közremüködök jegyzéke. az 1885.évi Budapesti Országos átalános kiállitás

Bibliographic Details
Format: Book
Language:Hungarian
Published: [S. l. s.n.] 1885
Subjects:

MARC

LEADER 00000nam a2200000 a 4500
001 vtls001353896
003 SK-MaSNL
005 20260301160723.0
008 240226s1885 hu hun
035 |a SNK000307321 
035 |a urn:nbn:sk:snk-amk2oz 
035 |a urn:nbn:sk:snk-am005fhg 
035 |a 3628B364-BD97-4750-A009-06E7BFEDCDEB 
040 |a SNK  |b slo  |c SNK  |e AACR2 
041 0 |a hun 
044 |a hu  |c HU 
080 |a 351.856.2:63-051"18"(083.81)  |2 1981 
245 0 0 |a A jury-tanács határozatai alapján kitüntetett valamint a versenyen kivül álló kiállitók és a kitüntetett közremüködök jegyzéke.  |b az 1885.évi Budapesti Országos átalános kiállitás 
260 |a [S. l.  |b s.n.]  |c 1885  |e Budapest  |f Pesti könyvnyomda 
300 |a 219 s.  |c 21 cm 
500 |a Xerokópia 
650 0 7 |a poľnohospodárstvo  |x osobnosti významné  |x vyznamenania  |y stor. 19.  |x zoznamy  |2 SNK  |9 522687 
958 |a ONDV 
999 |c 806621  |d 808551 
952 |t P60, <03>, [BOOK], {603}  |a SNK  |b SNK  |y PREZ  |7 0  |p 17A0177852  |o snkSC 97750  |i snkF 187/99  |0 0  |1 0  |4 0  |d 1999-01-29  |f 1  |l 0  |r 2025-09-17 00:00:00  |w 2026-02-24